000 00489nam a2200169Ia 4500
005 20240605032031.0
008 240331s9999 xx 000 0 und d
082 _bTAL
_a370
100 _aFuglesang, A,
245 0 _aTalkshops :
_bredd barna learning to talk with the young
260 _aColombo
_bRedd Barna Sri Lanka
_c1989
300 _a104, p.,
500 _aThis is the first report from Redd Barna's youth project.
700 _aFuglesang, A,
700 _aChandler,D
942 _cL
999 _c2936
_d2936